header

The right to life in Japan (Record no. 71437)

MARC details
000 -LEADER
fixed length control field 01342nam a2200337Ia 4500
082 04 - DEWEY DECIMAL CLASSIFICATION NUMBER
Classification number 344.52/04197
-- 347.2044197
100 1# - MAIN ENTRY--AUTHOR NAME
Personal name Williams, Noel,
245 14 - TITLE STATEMENT
Title The right to life in Japan
260 ## - PUBLICATION, DISTRIBUTION, ETC. (IMPRINT)
Place of publication London ;
-- New York :
Name of publisher Routledge,
Year of publication 1997.
300 ## - PHYSICAL DESCRIPTION
Number of Pages x, 170 p. :
Other physical details ill.
490 1# - SERIES STATEMENT
Series statement The Nissan Institute/Routledge Japanese studies series
650 #0 - SUBJECT ADDED ENTRY--TOPICAL TERM
Topical Term Right to life
Topical Term Japanese
856 40 - ELECTRONIC LOCATION AND ACCESS
Uniform Resource Identifier http://site.ebrary.com/lib/rucke/Doc?id=10057197

No items available.

© 2026 Rongo University
Contact us: librarian | system librarian | Rongo university